Trò chơi âm nhạc cho trẻ mầm non
Guardado en:
| Autor principal: | |
|---|---|
| Formato: | Libro |
| Lenguaje: | Undetermined |
| Publicado: |
H.
Giáo dục
1999
|
| Materias: | |
| Acceso en línea: | http://lrc.tdmu.edu.vn/opac/search/detail.asp?aID=2&ID=4385 |
| Etiquetas: |
Agregar Etiqueta
Sin Etiquetas, Sea el primero en etiquetar este registro!
|
| Thư viện lưu trữ: | Trung tâm Học liệu Trường Đại học Thủ Dầu Một |
|---|
| LEADER | 00600nam a2200193Ia 4500 | ||
|---|---|---|---|
| 001 | TDMU_4385 | ||
| 008 | 210410s9999 xx 000 0 und d | ||
| 082 | |a 372.2187 | ||
| 090 | |b H407 | ||
| 100 | |a Hoàng, Văn Yến | ||
| 245 | 0 | |a Trò chơi âm nhạc cho trẻ mầm non | |
| 245 | 0 | |c Hoàng Văn Yến | |
| 260 | |a H. | ||
| 260 | |b Giáo dục | ||
| 260 | |c 1999 | ||
| 300 | |a 63tr. | ||
| 650 | |a Giáo dục mầm non |x Trò chơi | ||
| 856 | |u http://lrc.tdmu.edu.vn/opac/search/detail.asp?aID=2&ID=4385 | ||
| 980 | |a Trung tâm Học liệu Trường Đại học Thủ Dầu Một | ||